| 000 | 00400nam a22001457a 4500 | ||
|---|---|---|---|
| 005 | 20150827100627.0 | ||
| 008 | 150827b xxu||||| |||| 00| 0 eng d | ||
| 040 | _cPK-LaUMT | ||
| 082 |
_aKHC 891.4393 _bQUR-A |
||
| 100 | _aقرۃ العین حیدر | ||
| 245 |
_aآگ کا دریا _cقرۃ العین حیدر |
||
| 260 |
_aلاہور _bمکتبہ جدید _c1959 |
||
| 300 | _a786 ص | ||
| 942 | _cBK | ||
| 999 |
_c75075 _d75075 |
||